000 01093cam a2200289 i 4500
001 17922502
003 ARRUPE
005 20150324165557.0
008 131030e201211 rh a b f000 0 eng
010 _a 2012310966
020 _a9780797451803
040 _aDLC
_beng
_cDLC
_erda
042 _alcode
_apcc
043 _af-rh---
050 0 0 _aHC910.Z9
_bP6375 2012
245 0 0 _aUnderstanding poverty, promoting wellbeing, and sustainable development :
_ba sample survey of 16 districts of Zimbabwe /
_cedited by Jeanette Manjengwa, Sara Feresu and Admos Chimhowu.
300 _axiii 108 pages :
_bcolor illustrations ;
_c30 cm
504 _aIncludes bibliographical references.
650 0 _aPoverty
_zZimbabwe.
_916469
700 1 _aManjengwa, J. M.,
_eeditor.
_913256
700 1 _aFeresu, Sara,
_eeditor.
_916470
700 1 _aChimhowu, Admos,
_eeditor.
_916471
710 2 _aUniversity of Zimbabwe.
_bInstitute of Environmental Studies.
_916472
906 _a7
_bcbc
_corigode
_d3
_encip
_f20
_gy-gencatlg
942 _2lcc
_cMONOGRAPH
999 _c122476
_d122476